| 000 | 005480000a22001810004500 | ||
|---|---|---|---|
| 003 | MACL | ||
| 005 | 20160316115503.0 | ||
| 008 | 160316b xxu||||| |||| 00| 0 eng d | ||
| 040 |
_aMACL _cMACL |
||
| 041 | _aHindi | ||
| 082 | _a891.433 | ||
| 100 |
_aटॉल्स्टॉय _946420 |
||
| 245 | _aमेरी मुक्ति की कहानी | ||
| 260 |
_bसत्साहित्य प्रकाशन _c1955 _aनई दिल्ली |
||
| 350 | _a2 | ||
| 650 |
_aStory _946421 |
||
| 942 |
_cHIN _k920 _2ddc |
||
| 999 |
_c23854 _d23854 |
||